000 00188 a2200097 4500
020 _a9780439161657
041 _aspa
100 _aLorraine Jean Hopping
245 _aRelanpagos
942 _cK
999 _c26102
_d26102